| 000 | 00945cam a22002897a 4500 | ||
|---|---|---|---|
| 003 | CHAP | ||
| 005 | 20220329141726.0 | ||
| 008 | 971013s1987 r 00010 d | ||
| 010 | _a72849 | ||
| 011 | _a73821 | ||
| 035 | _a83379 | ||
| 040 | _cCHAP | ||
| 082 |
_a026.00602 _bL45Y 1980 |
||
| 100 | 0 | 0 |
_aLendvay, Olga. _965976 |
| 245 | 0 | _aGuía para bibliotecas agrícolas | |
| 260 |
_aTurrialba, Costa Rica : _bAsociación Internacional de Bibliotecarios y Documentalistas Agrícolas, _c1987 |
||
| 300 | _a153 h. | ||
| 500 | _aTrad: de la 2 ed. en inglés de 1980 | ||
| 590 |
_aBATCH-UPD _b10 _c20130110 _lUCH01 _h0747 |
||
| 590 |
_aBATCH-UPD _b10 _c20130410 _lUCH01 _h0428 |
||
| 590 |
_aBATCH-UPD _b10 _c20130914 _lUCH01 _h0624 |
||
| 590 |
_aCONVERSION _b10 _c20130109 _lUCH01 _h1340 |
||
| 650 | 1 | 4 |
_aBibliotecas agrícolas _xManuales. _912544 |
| 901 | _aBK | ||
| 942 | _cLIBRO | ||
| 949 |
_a026.00602 L45Y 1980 _bBC _cB _d-37920 _eB _h86783 _i83379 _si |
||
| 999 |
_c72849 _d72849 |
||